LEADER 04356oam 2200733 c 450 001 996308787103316 005 20221206102842.0 010 $a3-8376-3586-4 024 7 $a10.14361/9783839435861 035 $a(CKB)3800000000216500 035 $a(DE-B1597)487343 035 $a(OCoLC)1002266634 035 $a(OCoLC)1013940585 035 $a(DE-B1597)9783839435861 035 $a(MiAaPQ)EBC5855331 035 $a(Au-PeEL)EBL5855331 035 $a(transcript Verlag)9783839435861 035 $a(MiAaPQ)EBC6955937 035 $a(Au-PeEL)EBL6955937 035 $a(EXLCZ)993800000000216500 100 $a20220221d2017 uy 0 101 0 $ager 135 $aurmu#---uuuuu 181 $ctxt$2rdacontent 182 $cc$2rdamedia 183 $acr$2rdacarrier 200 10$aArcha?ologische Untersuchungen. U?ber Temporalita?t und Dinge$fUndine Stabrey 205 $a1st ed. 210 $aBielefeld$ctranscript Verlag$d2017 215 $a1 online resource (244 pages) $cillustrations; digital, PDF file(s) 225 0 $aHistoire$v98 311 $a3-8394-3586-2 320 $aIncludes bibliographical references. 327 $aFrontmatter 1 Innehalten 5 Vorweg und Handhabe 9 I. Von Zeit und Archa?ologie - Temporale Relationen 15 II. Ding und Zeit als System - Dreiperiodenargumentation oder auf der Suche nach der gefundenen Zeit 67 III. Die Unsichtbarmachung des Sehbaren 133 Zusammenfassung 205 Re?sume? 213 Dank & Diss 219 Abku?rzungs- und Informationsverzeichnis 221 Wortorte 239 330 $aWie kommt die Zeit in die Archa?ologie? Menschen erkennen sich vor allem u?ber ihre Dinge (Arte-fakte) und sind so mit sich selbst eine Zeit. Zeitgestaltung von Menschen ist bedingt und Archa?ologie ihre Geschichte. Undine Stabrey zeigt am Verha?ltnis von Mobilita?t und Erkenntnis, wie Vergangenheit als Geschichte entstehen und wie sich aus Fragen Wissen entwickeln konnte. Sie vermittelt, warum und wie ein Teil der Menschheitsgeschichte in eine Steinzeit, Bronzezeit und Eisenzeit verzeitlicht wurde. 330 1 $a»All das ist wundervoll und zeugt von einer Kreativita?t und intellektuellen Potenz, von der ich mir in so mancher anderer archa?ologischen Arbeit durchaus mehr wu?nschen wu?rde.« Cornelius Holtorf, Archa?ologische Informationen, 15.01.2019 Besprochen in: Mu?nchner Feuilleton, 1 (2018), Thomas Betz GERMANIA, 97 (2019), Uros Matic 410 0$aHistoire (Transcript (Firm)) ;$v98. 606 $aErkenntnis; Gedankenexperimente; Steinzeit; Bronzezeit; Eisenzeit; Philosophie; Archa?ologie; Anthropofaktmobilita?t; Dinglichkeit; Ding; Gegenwart; Vergangenheit; Wissen; Zeit; Wissenschaft; Kulturgeschichte; Wissenschaftsgeschichte; Geschichtstheorie; Zeitphilosophie; Geschichtswissenschaft; Knowledge; Stone Age; Bronze Age; Iron Age; Philosophy; Archaeology; Anthropofakte Mobility; Materiality; Thing; Contemporary; Past; Time; Science; Cultural History; History of Science; Theory of History; Philosophy of Time; History; 610 $aAnthropofakte Mobility. 610 $aArchaeology. 610 $aBronze Age. 610 $aContemporary. 610 $aCultural History. 610 $aHistory of Science. 610 $aHistory. 610 $aIron Age. 610 $aMateriality. 610 $aPast. 610 $aPhilosophy of Time. 610 $aPhilosophy. 610 $aScience. 610 $aStone Age. 610 $aTheory of History. 610 $aThing. 610 $aTime. 615 4$aErkenntnis; Gedankenexperimente; Steinzeit; Bronzezeit; Eisenzeit; Philosophie; Archa?ologie; Anthropofaktmobilita?t; Dinglichkeit; Ding; Gegenwart; Vergangenheit; Wissen; Zeit; Wissenschaft; Kulturgeschichte; Wissenschaftsgeschichte; Geschichtstheorie; Zeitphilosophie; Geschichtswissenschaft; Knowledge; Stone Age; Bronze Age; Iron Age; Philosophy; Archaeology; Anthropofakte Mobility; Materiality; Thing; Contemporary; Past; Time; Science; Cultural History; History of Science; Theory of History; Philosophy of Time; History; 676 $a900 700 $aStabrey$b Undine$4aut$0898847 801 0$bDE-B1597 801 1$bDE-B1597 906 $aBOOK 912 $a996308787103316 996 $aArchäologische Untersuchungen. Über Temporalität und Dinge$92008119 997 $aUNISA LEADER 01350cam a2200265 i 4500 001 991001714269707536 005 20020507150900.0 008 991104s1993 it 100 0 ita d 020 $a8871046838 035 $ab1155342x-39ule_inst 035 $aLE02723701$9ExL 040 $aDip.to Studi Giuridici$bita 245 00$aAccademia romanistica Costantiniana :$batti del 9. Convegno internazionale : Spello-Perugia-Città di Castello, 2-5 ottobre 1989 /$cAccademia romanistica Costantiniana 260 $aNapoli :$bEdizioni scientifiche italiane,$cc1993 300 $a527 p. ;$c25 cm 500 $aIn testa al front.: Università degli studi di Perugia, Facoltà di giurisprudenza 710 1 $aAccademia romanistica Costantiniana$eauthor$4http://id.loc.gov/vocabulary/relators/aut$0240708 907 $a.b1155342x$b02-04-14$c02-07-02 912 $a991001714269707536 945 $aLE027 ARCHI S 105$g1$iLE027-4548$lle027$o-$pE0.00$q-$rl$s- $t0$u0$v0$w0$x0$y.i11753948$z02-07-02 945 $aLE027 R-XXII 1 (IX)$g2$iLE027CL-1266$lle027$o-$pE0.00$q-$rn$so $t0$u0$v0$w0$x0$y.i1175395x$z02-07-02 945 $aLE027 R-XXII 1.2 (IX)$g1$iLE027I-3298$lle027$o-$pE0.00$q-$rn$so $t0$u0$v0$w0$x0$y.i11753961$z02-07-02 996 $aAccademia romanistica costantiniana$91451880 997 $aUNISALENTO 998 $ale027$b01-01-99$cm$da $e-$fita$git $h0$i3